General Geography Knowledge #1 - Statistics

General Stats
  • This quiz has been taken 68 times
  • The average score is 5 of 5
Answer Stats
Question Answer % Correct
What is the biggest country in world? Russia
100%
What is the biggest mountain in world Mount Everest (Sagarmatha, Chomolungma)
93%
Which country is strongest in world? United States of America
93%
Which country have the biggest population in world? India
86%
What is the biggest island country in Europe? United Kingdom
86%
No matching quizzes found
Score Distribution
Percent of People with Each Score
Percentile by Number Answered
Your Score History
You have not taken this quiz